000 005170000a22001810004500
003 MACL
005 20160305153537.0
008 160305b xxu||||| |||| 00| 0 eng d
040 _aMACL
_cMACL
041 _aHindi
082 _a891.432
100 _aकुमार विभु
_943182
245 _aकहे र्इसा सुने मूसा
260 _bज्ञान भारती
_c1984
_aनई दिल्‍ली
350 _a12
650 _aDrama
_943183
942 _cHIN
_k891.432
_2ddc
999 _c28659
_d28659